Gaming Quiz

Random Gaming or Minecraft Quiz

Minecraft removed mobs Quiz Stats

 Plays Quiz not verified by Sporcle

Score 0/7 Timer 03:00
0 Plays Today
Hint Removed mobs % Correct
Big creatureGiant
75.6%
Boss in the over world.Herobrine
53.3%
Has a frog hatRana
51.1%
Type of horseSkeleton horse
48.9%
Type of horseUndead horse
44.4%
modelled after character from dc comics. Beast boy
44.4%
Will drop more gunpowder than any other mobBlack steve
42.2%

You're not logged in!

Compare scores with friends on all Sporcle quizzes.
OR
Log In

Sporcle TV

Today on Sporcle TV


Watch our educational content, quiz creation guides, and fun videos on Sporcle TV.

Show Comments

Extras

Created Dec 20, 2014ReportNominate
Tags:Minecraft Quiz, mob, removed

Top Quizzes Today


Score Distribution

Your Account Isn't Verified!

In order to create a playlist on Sporcle, you need to verify the email address you used during registration. Go to your Sporcle Settings to finish the process.

Report this User

Report this user for behavior that violates our Community Guidelines.

Details: